Statistics for 都道府県別の名字人口トップ5

Click here to take the quiz!

General Stats

  • This quiz has been taken 425 times
  • The average score is 151 of 235

Answer Stats

順位解答欄% Correct
2位 | 3位 | 4位 | +10 others佐藤
99%
2位 | 3位 | 4位 | +10 others田中
94%
2位 | 3位 | 4位 | +9 others鈴木
92%
3位 | 4位 | 5位山田
84%
2位 | 3位 | 4位 | +3 others高橋
83%
2位 | 3位 | 4位 | +2 others伊藤
78%
2位 | 3位 | 4位 | +9 others山本
75%
2位 | 岐阜県1位加藤
74%
2位 | 3位 | 4位 | +2 others渡辺
68%
2位 | 4位
67%
4位
66%
4位斎藤
63%
2位 | 3位 | 4位佐々木
62%
2位 | 3位 | 4位 | 鹿児島県1位中村
62%
3位 | 4位 | 5位吉田
58%
2位 | 3位 | 4位 | +2 others小林
58%
3位 | 4位 | 5位松本
54%
佐賀県1位 | 長崎県1位山口
53%
4位木村
45%
2位 | 5位近藤
45%
3位 | 4位井上
45%
5位阿部
44%
3位山崎
41%
5位遠藤
38%
沖縄県1位比嘉
38%
2位 | 4位村上
37%
2位 | 4位藤原
37%
2位後藤
36%
2位 | 3位山下
35%
4位 | 5位清水
35%
青森県1位工藤
35%
5位中島
34%
5位坂本
33%
4位小野
33%
4位 | 5位前田
32%
2位 | 4位藤井
30%
5位原田
30%
4位西村
28%
5位
25%
4位千葉
22%
2位金城
22%
5位浜田
21%
宮崎県1位黒木
21%
3位大城
20%
4位 | 5位新井
19%
5位渡部
18%
4位宮城
18%
5位菊池
18%
3位河野
14%
香川県1位大西
14%
5位新垣
13%
4位松尾
12%
5位杉山
12%
4位丸山
11%
3位 | 4位望月
11%
3位古賀
10%
2位甲斐
10%
2位小松
9%
5位成田
6%
3位三宅
6%
4位日高
5%
3位越智
5%
3位山根
5%

Score Distribution

Percentile by Number Answered

Percent of People with Each Score

Your Score History

You have not taken this quiz